La grammaire nouvelle et le francais : au certificat d'etudes primaires et classe de fin d'etudes
Αποθηκεύτηκε σε:
| Κύριος συγγραφέας: | |
|---|---|
| Μορφή: | Βιβλίο |
| Γλώσσα: | French |
| Δημοσίευση: |
Paris :
Fernand Nathan,
1952
|
| Έκδοση: | 53e ed. |
| Θέματα: | |
| Ετικέτες: |
Προσθήκη ετικέτας
Δεν υπάρχουν, Καταχωρήστε ετικέτα πρώτοι!
|
MARC
| LEADER | 00000cam a2200000 i 4500 | ||
|---|---|---|---|
| 001 | 1/97827 | ||
| 008 | 081121s1952 fre d | ||
| 035 | |l 10101864 | ||
| 040 | |a GR-MY-UA |b gre |e aacr | ||
| 041 | 0 | |a fre | |
| 082 | 0 | |a 445.01 |2 (22) | |
| 100 | 1 | |a Souche, Aime. | |
| 245 | 1 | 3 | |a La grammaire nouvelle et le francais : |b au certificat d'etudes primaires et classe de fin d'etudes / |c A. Souche |
| 250 | |a 53e ed. | ||
| 260 | |a Paris : |b Fernand Nathan, |c 1952 | ||
| 300 | |a 303 σ.; |c 19 εκ. | ||
| 500 | |a Υπό του τίτλου: "La grammaire par les textes et les exercises d'application et de construction. L'apprenlissage de l'art d'ecrire" | ||
| 650 | 0 | 0 | |a French language |x Study and teaching (Elementary) |
| 650 | 0 | 0 | |a French language |x Grammar |x Study and teaching. |
| 650 | 0 | 0 | |a French language |x Philosophy. |
| 852 | |a INST |b RHODES |c AKA |e 20081121 |h 445.01 SOU |p 005400031347 |q 005400031347 |t BK |y 0 | ||
| 901 | |a BIBL4-2008-3 | ||
| 909 | |a Ρ |b 153671 | ||
| 970 | |a ΧΑΡΙΟΠΟΛΙΤΟΥ |b ΚΩΝΣΤΑΝΤΙΝΑ |z 2008/11/21 | ||